[Event "Bad Woerishofen op 38th"]
[Site "Bad Woerishofen"]
[Date "2023.03.04"]
[Round "2"]
[White "Jahn, Peter"]
[Black "Koepke, Christian"]
[Result "0-1"]
[WhiteElo "2068"]
[BlackElo "2298"]
[PlyCount "60"]
[EventDate "2023.03.03"]
[EventType "swiss"]
[EventRounds "9"]
[EventCountry "GER"]
[SourceTitle "CBM 213 Extra"]
[Source "ChessBase"]
[SourceDate "2023.05.31"]
[SourceVersion "1"]
[SourceVersionDate "2023.05.31"]
[SourceQuality "1"]

1. d4 Nf6 2. Nf3 g6 3. g3 Bg7 4. Bg2 c5 5. 0-0 cxd4 6. Nxd4 h5 7. h4 Nc6 8. c4 Ng4 9. Nb3 a5 10. Na3 d6 11. Nc2 Bd7 12. Nbd4 a4 13. Rb1 0-0 14. Bg5 Re8 15. b3 axb3 16. Rxb3 Nxd4 17. Nxd4 Ba4 18. Bxb7 Bxb3 19. axb3 Qb6 20. Bxa8 Bxd4 21. Be4 e6 22. Bf3 Nxf2 23. Qc2 Nh3+ 24. Kg2 Nxg5 25. hxg5 Kg7 26. Be4 Re7 27. Rh1 Qc5 28. Qd3 Qe5 29. Rd1 Bc5 30. Qd2 Qxe4+ 0-1

[Event "Oberliga Sued W 1920"]
[Site "Germany"]
[Date "2020.03.01"]
[Round "7.7"]
[White "Jahn, Peter"]
[Black "Hahmann, Markus"]
[Result "1/2-1/2"]
[WhiteElo "2063"]
[BlackElo "1901"]
[PlyCount "45"]
[EventDate "2019.09.29"]
[EventType "team-tourn"]
[EventRounds "9"]
[EventCountry "GER"]
[SourceTitle "EXT 2021"]
[Source "ChessBase"]
[SourceDate "2020.10.23"]
[SourceVersion "1"]
[SourceVersionDate "2020.10.23"]
[SourceQuality "1"]

1. d4 Nf6 2. Nf3 d5 3. g3 Bf5 4. Bg2 e6 5. c4 c6 6. Nc3 Be7 7. 0-0 Nbd7 8. Qb3 Qb6 9. c5 Qxb3 10. axb3 0-0 11. b4 Ne4 12. Bf4 Bf6 13. Nxe4 Bxe4 14. Ne5 Rfd8 15. Bxe4 dxe4 16. Nxd7 Rxd7 17. e3 g5 18. Bd6 Be7 19. Bxe7 Rxe7 20. g4 f5 21. h3 a6 22. f3 Rf8 23. fxe4 1/2-1/2

[Event "Oberliga Sued W 1920"]
[Site "Germany"]
[Date "2020.01.19"]
[Round "5.8"]
[White "Lantzsch, Christian"]
[Black "Jahn, Peter"]
[Result "1-0"]
[WhiteElo "2171"]
[BlackElo "2063"]
[PlyCount "55"]
[EventDate "2019.09.29"]
[EventType "team-tourn"]
[EventRounds "9"]
[EventCountry "GER"]
[SourceTitle "EXT 2021"]
[Source "ChessBase"]
[SourceDate "2020.10.23"]
[SourceVersion "1"]
[SourceVersionDate "2020.10.23"]
[SourceQuality "1"]

1. d4 e6 2. Bf4 d5 3. e3 Nf6 4. Nf3 Bd6 5. Bg3 0-0 6. Nbd2 c5 7. c3 Nc6 8. Bd3 Qe7 9. Ne5 Nd7 10. Nxd7 Qxd7 11. f4 b6 12. Nf3 a5 13. Qc2 f5 14. Qe2 Qa7 15. Bb5 Ba6 16. Bh4 Bxb5 17. Qxb5 Qc7 18. Qe2 h6 19. h3 Kh7 20. 0-0 a4 21. Kh1 Rfe8 22. g4 c4 23. g5 a3 24. Rab1 b5 25. Rg1 b4 26. gxh6 gxh6 27. Ng5+ Kh8 28. Qh5 1-0

[Event "Oberliga Sued W 1920"]
[Site "Germany"]
[Date "2019.11.24"]
[Round "3.7"]
[White "Jahn, Peter"]
[Black "Aubertin, Tim"]
[Result "1-0"]
[WhiteElo "2063"]
[BlackElo "1916"]
[PlyCount "29"]
[EventDate "2019.09.29"]
[EventType "team-tourn"]
[EventRounds "9"]
[EventCountry "GER"]
[SourceTitle "EXT 2021"]
[Source "ChessBase"]
[SourceDate "2020.10.23"]
[SourceVersion "1"]
[SourceVersionDate "2020.10.23"]
[SourceQuality "1"]

1. d4 e6 2. c4 f5 3. Nc3 Nf6 4. e3 d5 5. Bd3 c6 6. Nge2 Bd6 7. Qc2 Ne4 8. 0-0 0-0 9. f3 Nxc3 10. Nxc3 b6 11. b3 Nd7 12. cxd5 cxd5 13. Nb5 Bb8 14. Qc6 Ba6 15. f4 1-0

[Event "Bad Woerishofen op-A 35th"]
[Site "Bad Woerishofen"]
[Date "2019.03.15"]
[Round "1.4"]
[White "Jahn, Peter"]
[Black "Farago, Ivan"]
[Result "0-1"]
[WhiteElo "2027"]
[BlackElo "2363"]
[PlyCount "96"]
[EventDate "2019.03.15"]
[EventType "swiss"]
[EventRounds "9"]
[EventCountry "GER"]
[SourceTitle "EXT 2020"]
[Source "ChessBase"]
[SourceDate "2019.10.17"]
[SourceVersion "1"]
[SourceVersionDate "2019.10.17"]
[SourceQuality "1"]

1. d4 Nf6 2. Nf3 e6 3. c4 b6 4. g3 Ba6 5. b3 d5 6. Bg2 Bb4+ 7. Bd2 Bd6 8. Bc3 Ne4 9. Nfd2 Nxc3 10. Nxc3 c6 11. Rc1 0-0 12. 0-0 Nd7 13. e4 Rc8 14. Re1 Bb4 15. a3 Bxa3 16. Ra1 Bb2 17. Rxa6 Bxc3 18. Rxa7 Nf6 19. Re3 Bxd4 20. Rd3 dxe4 21. Nxe4 c5 22. b4 Nxe4 23. Bxe4 Qf6 24. Qd2 Qe5 25. Bf3 Rcd8 26. b5 f5 27. Kg2 Qf6 28. Rda3 Bb2 29. Rd3 Bd4 30. Rda3 Kh8 31. Ra8 e5 32. Bd5 e4 33. Rxd8 Rxd8 34. Ra8 Rxa8 35. Bxa8 g5 36. Bd5 Kg7 37. Qa2 e3 38. fxe3 Bxe3 39. Qe2 Qd4 40. h3 h5 41. Qa2 Kf6 42. Qe2 g4 43. hxg4 hxg4 44. Bc6 Kg5 45. Bd5 Qc3 46. Bc6 Qc1 47. Qf1 Qb2+ 48. Kh1 Qh8+ 0-1

[Event "Oberliga Sued W 1718"]
[Site "Germany"]
[Date "2017.09.10"]
[Round "1.8"]
[White "Jahn, Peter"]
[Black "Schmerda, Ingo"]
[Result "1/2-1/2"]
[WhiteElo "2054"]
[BlackElo "1880"]
[PlyCount "88"]
[EventDate "2017.09.10"]
[EventType "team-tourn"]
[EventRounds "11"]
[EventCountry "GER"]
[SourceTitle "EXT 2019"]
[Source "ChessBase"]
[SourceDate "2018.10.10"]
[SourceVersion "1"]
[SourceVersionDate "2018.10.10"]
[SourceQuality "1"]
[WhiteTeam "Heimbach Weis/Neuwied"]
[BlackTeam "Altenkirchen"]
[WhiteTeamCountry "GER"]
[BlackTeamCountry "GER"]

1. Nf3 d5 2. e3 Nf6 3. c4 c6 4. Nc3 g6 5. d4 Bg7 6. Bd3 0-0 7. 0-0 Nbd7 8. cxd5 cxd5 9. Qb3 Nb6 10. a4 a5 11. Bd2 h6 12. Rfc1 Be6 13. Rc2 Ne8 14. Nb5 Nc4 15. Bxc4 dxc4 16. Qa3 Nd6 17. Nxd6 exd6 18. e4 d5 19. e5 Bf5 20. Rc3 Qb6 21. Re3 Rfe8 22. b4 axb4 23. Qxb4 Qc6 24. Ree1 Bf8 25. Qb5 Rec8 26. Bc3 Ra6 27. Qxc6 Rcxc6 28. a5 b5 29. axb6 Rcxb6 30. Nd2 Ra3 31. Rac1 Ra2 32. Nf1 Rb5 33. Ne3 Bd3 34. h3 Kg7 35. Ra1 Rxa1 36. Rxa1 Bf5 37. Nxf5+ gxf5 38. Kf1 Be7 39. Ke2 Bg5 40. Kd1 Be7 41. Ra7 Kf8 42. Ra8+ Kg7 43. Ra7 Kf8 44. Ra8+ Kg7 1/2-1/2

[Event "Oberliga Sued W 1516"]
[Site "Germany"]
[Date "2016.04.10"]
[Round "9.7"]
[White "Jahn, Peter"]
[Black "Lantzsch, Christian"]
[Result "1-0"]
[WhiteElo "2023"]
[BlackElo "2193"]
[PlyCount "103"]
[EventDate "2015.09.20"]
[EventType "team-tourn"]
[EventRounds "9"]
[EventCountry "GER"]
[SourceTitle "EXT 2017"]
[Source "ChessBase"]
[SourceDate "2016.10.25"]
[SourceVersion "1"]
[SourceVersionDate "2016.10.25"]
[SourceQuality "1"]
[WhiteTeam "Heimbach Weis/Neuwied"]
[BlackTeam "Heidesheim"]
[WhiteTeamCountry "GER"]
[BlackTeamCountry "GER"]

1. Nf3 Nc6 2. d4 d5 3. Bf4 Bg4 4. e3 e6 5. Bb5 Bd6 6. Bxd6 Qxd6 7. c3 Nge7 8. Nbd2 0-0 9. 0-0 e5 10. dxe5 Nxe5 11. h3 Bh5 12. Be2 a5 13. Nd4 Bg6 14. N2f3 Nd7 15. Nh4 Be4 16. Bd3 Ne5 17. Bxe4 dxe4 18. Ndf5 Nxf5 19. Nxf5 Qf6 20. Ng3 Rfd8 21. Qa4 Nd3 22. Rab1 Nc5 23. Qc4 Qe7 24. b4 axb4 25. cxb4 Nd3 26. Nxe4 b5 27. Qc6 Nxb4 28. Qxb5 Nxa2 29. Qc4 Qe6 30. Qxe6 fxe6 31. Rb2 Ra5 32. Rc2 Nb4 33. Rxc7 h6 34. Nc5 Re8 35. Nb3 Ra2 36. Nd4 Nd5 37. Rb7 Ra6 38. Rd1 Nf6 39. Rc1 Rf8 40. Rcc7 Ne8 41. Re7 Ra1+ 42. Kh2 Ra8 43. f3 Rf6 44. Nxe6 Rg6 45. h4 h5 46. Nf4 Rh6 47. Kh3 Kh8 48. e4 Nd6 49. Rbd7 Ra3 50. e5 Nf5 51. Re8+ Kh7 52. Rdd8 1-0

[Event "Oberliga Sued W 1516"]
[Site "Germany"]
[Date "2016.03.06"]
[Round "8.8"]
[White "Brueckner, Eike"]
[Black "Jahn, Peter"]
[Result "1-0"]
[WhiteElo "2106"]
[BlackElo "2023"]
[PlyCount "85"]
[EventDate "2015.09.20"]
[EventType "team-tourn"]
[EventRounds "9"]
[EventCountry "GER"]
[SourceTitle "EXT 2017"]
[Source "ChessBase"]
[SourceDate "2016.10.25"]
[SourceVersion "1"]
[SourceVersionDate "2016.10.25"]
[SourceQuality "1"]
[WhiteTeam "Gau Algesheim"]
[BlackTeam "Heimbach Weis/Neuwied"]
[WhiteTeamCountry "GER"]
[BlackTeamCountry "GER"]

1. c4 Nf6 2. Nc3 c5 3. g3 g6 4. Bg2 Bg7 5. Nf3 Nc6 6. Rb1 a6 7. a3 d5 8. cxd5 Nxd5 9. Nxd5 Qxd5 10. d3 0-0 11. 0-0 Qd6 12. Nd2 Bf5 13. Ne4 Bxe4 14. Bxe4 Rac8 15. Bd2 Rfd8 16. Bc3 b5 17. Qd2 c4 18. Bxg7 Kxg7 19. Qc3+ Kg8 20. dxc4 Nd4 21. Qe3 Rxc4 22. Rfd1 Qc7 23. Bd3 Rc6 24. Rbc1 Rxc1 25. Rxc1 Qd6 26. h4 Qe6 27. Qxe6 Nxe6 28. f4 Rd6 29. Kf2 Kg7 30. b4 Kf6 31. Ke3 h5 32. a4 bxa4 33. Ra1 Rb6 34. Rxa4 Nc7 35. Kd4 Rd6+ 36. Kc4 e6 37. Ra5 Ke7 38. Rc5 Kd7 39. Kb3 Rb6 40. Ka4 Nd5 41. Rc4 Rd6 42. Ka5 Kd8 43. Rd4 1-0